00990nam a2200241 a 450000100100000000500170001000800410002704000250006804100130009308200130010610000300011924000530014924500940020226000410029630000210033749000380035850000730039650000700046970000340053983000470057395201110062099900170073100004250120201002040208.0131205s1972 sp 000 0 spa d aDO-SdBNPbspacBNPHU17aspaheng axxxbxxx1 aKofler, Leod1907-96969910aAbstrakte kunst und absurde literaturlEspañol10aArte abstracto y literatura del absurdo /cLeo Kofler ; traducción de Eduardo Subirats. aBarcelona :bBarral Editores,c1972. a240 p. ;c20 cm.1 aBreve biblioteca de respuestav42 aIncluye referencias bibliográficas y notas al pie de las páginas aIncluye datos biográficos del autor en la solapa de la cubierta12aSubirats, Eduardoetr.950736 0aBreve biblioteca de respuesta ;n42969700 001050718MOaGRbGRcHDd2014-06-18iLF1l0oxxx xxxp42501-10r2020-06-25w2020-06-25y1ZNo se presta c41990d41990